000 00986nas a2200325 4500
001 BR2016003188
003 BR-BrBNA
005 20231205130500.0
007 ta
008 230509b bl.|||p| |||| 00| 00por d
040 _aBR-BrBNA
_bpor
_cBiblioteca Nacional de Agricultura
041 _a(Pt)
072 _aF30
100 1 _aSilva, F.L. da
100 1 _aRezende, J.C. de
100 1 _aRodrigues, F.C.
100 1 _aSoles, L.C.T.C.
100 1 _aPereira, V.V.
100 1 _aMalta, M.R.
245 1 _aSeleção de clones de café robusta com potencial produtivo para Zona da Mata Mineira
650 _aCAFÉ
650 _aCLONE
650 _aSELEÇÃO GENÉTICA
650 _aMELHORAMENTO GENÉTICO VEGETAL
650 _aCARACTERÍSTICAS AGRONÔMICAS
650 _aMÉTODO ESTATÍSTICO
773 0 _tCoffee Science (Brazil)
_xISSN 1809-6875
_g(Oct-Dec 2015), v. 10(4) p. 464-474
_wBR2016003188
909 _a202311
_bLúcia
_c55
_dLúcia Elande
942 _2AGRIS
_n0
_cANA
999 _c249695
_d249695